000 00502nam a22001817a 4500
008 220322b |||||||| |||| 00| 0 eng d
020 _a9789385288067
082 _a306.77/D717m
100 _aDoniger,Wendy
245 _aThe mare's trap;
_bnature and culture in the kamasutra.
260 _aNew Delhi:
_bSpeaking Tiger Publishing,
_c2015.
300 _b182p.
504 _aIncludes bibliography.
650 _aLove
650 _aSexual ethics
650 _aKamasutra
_925045
942 _2ddc
_cGEN
999 _c104041
_d104029